000 00404nam a2200157Ia 4500
008 210716s2010 xx 000 0 und d
020 _a9788132104421
041 _aeng
082 _a658.4012 BAIR
100 _aBaisya, Rajat Kanti.
245 _aWinning strategies for business.
250 _a1
260 _aNew Delhi
_bSage Publications
_c2010
300 _axxvii
650 _aStrategic Management
999 _c211426
_d211426